Rektorjelölt Galambos Gábor : A vezetőn múlnak a körülmények
Elmentve itt :
| Dokumentumtípus: | Cikk |
|---|---|
| Megjelent: |
2003-03-10
|
| Sorozat: | Délmagyarország
93 No. 58 |
| Kulcsszavak: | Rektorjelölt, Galambos Gábor, Galambos Gábor |
| Online Access: | http://dmarchiv.bibl.u-szeged.hu/124835 |
| LEADER | 00473nab a2200145 i 4500 | ||
|---|---|---|---|
| 001 | delm124835 | ||
| 005 | 20191125143414.0 | ||
| 008 | 191125s2003 hu o 0|| hun d | ||
| 040 | |a SZTE Délmagyarország Archívum |b hun | ||
| 041 | |a hun | ||
| 245 | 0 | 0 | |a Rektorjelölt |h [elektronikus dokumentum] : |b Galambos Gábor : A vezetőn múlnak a körülmények |
| 260 | |c 2003-03-10 | ||
| 300 | |a 8 | ||
| 490 | 0 | |a Délmagyarország |v 93 No. 58 | |
| 695 | |a Rektorjelölt, Galambos Gábor, Galambos Gábor | ||